| 000 | 00000nam##2200000za#4500 |
| 001 | 9.694064 |
| 003 | CaOODSP |
| 005 | 20240209132433 |
| 007 | cr ||||||||||| |
| 008 | 150407|1998||||xxc|||||o f|0| 0 eng|d |
| 040 | |aCaOODSP|beng |
| 043 | |an-cn--- |
| 086 | 1 |aC89-4/55-1998E-PDF |
| 110 | 2 |aAtlantic Canada Opportunities Agency. |
| 245 | 14|aThe wood industry in Atlantic Canada : |h[electronic resource]|ba focus on value-added |
| 260 | |aMoncton - New Brunswick : |bAtlantic Canada Opportunities Agency |cNovember 1998. |
| 300 | |a116p.|bfigs. (some coloured), glossary, graphs, references, tables |
| 500 | |aContents: State of the resource.--State of the industry.--Productivity and economic benefits.--Products and markets.--Trade and regulations.--Needs, challenges and targets. |
| 590 | |a10-15-Supp|b2010-12-10 |
| 690 | 07|aWoodworking industry|2gcpds |
| 690 | 07|aForestry products|2gcpds |
| 775 | 08|tL'industrie du bois dans le Canada atlantique : |w(CaOODSP)9.638241 |
| 776 | 0#|tThe wood industry in Atlantic Canada : |w(CaOODSP)9.647274 |
| 856 | 40|ahttp://publications.gc.ca|qPDF|s2 MB|uhttps://publications.gc.ca/collections/Collection/C89-4-55-1998E.pdf |